00453nam a22001217a 450000500170000000800410001702000150005805000140007311000320008724501350011926000480025430000290030220251027102911.0251027b |||||||| |||| 00| 0 eng d a0887371698 aRT4b.N55 aNational League for Nursing aPerspectives in Nursing 1985-1987/bbased on presentations at the seventeenth nln biennial conventioncNational League for Nursing aNew YorkbNational League for Nursingc1985 aviii. 2374p.bill.c23cm